00942cam a22002533a 45000010005000000030006000050050017000110080041000280400015000690420007000840500007000911000049000982450147001472600029002945060030003235160020003536530019003736530057003926530063004496530056005126530051005688300028006198560041006478667PGUSA20140828083203.0060427s2006||||xxu|||||s|||||000 | eng d aPGUSAbeng adc 4aDT1 aHaggard, H. Riderq(Henry Rider),d1856-192510aCetywayo and his White Neighbours :bRemarks on Recent Events in Zululand, Natal, and the Transvaalh[electronic resource] /cH. Rider Haggard bProject Gutenberg,c2006 aPublic domain in the USA. aElectronic text aZulu War, 1879 aKwaZulu-Natal (South Africa) -- History -- 1843-1893 aZululand (South Africa) -- History -- Civil War, 1879-1884 aCetewayo, King of Zululand, approximately 1826-1884 aTransvaal (South Africa) -- History -- To 1880 0aProject Gutenbergv866740uhttp://www.gutenberg.org/ebooks/8667